Normal view
MARC view
- Bowman, Daniel J
Entry Personal Name
001 - CONTROL NUMBER
- control field: 40520
003 - CONTROL NUMBER IDENTIFIER
- control field: NUST
005 - DATE AND TIME OF LATEST TRANSACTION
- control field: 20210314131803.0
008 - FIXED-LENGTH DATA ELEMENTS
- fixed length control field: 210314|| aca||aabn | a|a d
040 ## - CATALOGING SOURCE
- Original cataloging agency: NUST
- Transcribing agency: NUST
100 ## - HEADING--PERSONAL NAME
- Personal name: Bowman, Daniel J
670 ## - SOURCE DATA FOUND
- Source citation: Work cat.: (NUST): Bowman, Daniel J, Understanding CAD/CAM, c1987.
